000
00263nam a22001097a 4500
008
240711b |||||||| |||| 00| 0 eng d
100
_a
Paraspram, Parumal
_9
16852
245
_a
Samia ja Slok
260
_b
Paraspram Parumal;
_c
1956.
300
_a
404p.
942
_c
BK
999
_c
39978
_d
39978